LEADER 00806nab a2200133 i 4500 001 000000329386 003 CaOOAMICUS 005 20180831173619.0 008 180831n it uu u0 0ita r 013 $a41046 040 $aSeMil$bita 245 10$aPensieri in disordine in vigilia di Natale. Troppe luci oggi rischiano di confondere il significato del Natale. Gesù è nato nella notte ed è lui la sola luce che illumina il peso delle nostre notti... - In [rubrica] :$bMeditazione di Natale. 773 0 $tNatale.$gp.4-5$w()291740 996 $6245$aPensieri in disordine in vigilia di Natale. Troppe luci oggi rischiano di confondere il significato del Natale. Gesù è nato nella notte ed è lui la sola luce che illumina il peso delle nostre notti... - In [rubrica] :$bMeditazione di Natale.$9(OLS)http://semarc/title/417883 LEADER 00670naa a2200157 i 4500 001 000000296400 003 CaOOAMICUS 005 20180831172544.0 008 180831n xx u000 u und u 013 $a3850 040 $aSeMil$bita 100 1 $aGenre, Enrico.$0(OLS)http://semarc/name/85486 245 10$aRitualità e simbolo nel matrimonio protestante. 650 4$aMatrimonio .$0(OLS)http://semarc/subject/2197 773 0 $aDe Benedetti, Paolo <1927-2016>$tCelebrazione del matrimonio.$dPadova : Messaggero, 1995.$kCaro Salutis Cardo. Contributi$z88-250-0512-1$w()49279 996 $6245$aRitualità e simbolo nel matrimonio protestante$9(OLS)http://semarc/title/372455